[Event "13th Goodricke"]
[Site "Calcutta IND"]
[Date "2002.03.18"]
[Round "2"]
[White "Ravi,L"]
[Black "Yogesh,G"]
[Result "1-0"]
[WhiteElo "2395"]
[BlackElo "2333"]
[EventDate "2002.03.17"]

1. d4 d6 2. c4 Nd7 3. Nf3 g6 4. e4 Bg7 5. Nc3 e5 6. Be2 Ne7 7. h4 h6 8. h5
g5 9. d5 f5 10. exf5 Nxf5 11. Ne4 Nc5 12. Nfd2 O-O 13. Nxc5 dxc5 14. Ne4
Nd4 15. O-O b6 16. Bg4 Qe8 17. Be3 Bf5 18. Bxf5 Rxf5 19. Qg4 Qf7 20. Rad1
Kh8 21. Rfe1 Rf8 22. Rd2 a5 23. Qd1 Rg8 24. Ng3 Rf4 25. Bxd4 cxd4 26. Rde2
Rf8 27. Qd2 d3 28. Qxd3 Rxf2 29. Rxe5 Bxe5 30. Rxe5 Qg7 31. Qe3 R2f4 32. b3
Kg8 33. a4 Qf6 34. Ne2 Rf1+ 35. Kh2 g4 36. Qg3 Kh8 37. Re6 Qg5 38. Qc3+
R8f6 39. Kg3 Kg8 40. Re5 Qg7 41. Re8+ Kf7 42. Qe5 R6f3+ 43. gxf3 Rxf3+ 44.
Kg2 Qxe5 45. Rxe5 Rxb3 46. Nd4 Rb4 47. Nc6 Rxa4 48. Re7+ Kf6 49. Rxc7 Kg5
50. d6 Kf4 1-0

[Event "13th Goodricke"]
[Site "Calcutta IND"]
[Date "2002.03.18"]
[Round "2"]
[White "Wong Zi Jing"]
[Black "Ghader Pour,S"]
[Result "1-0"]
[WhiteElo "2256"]
[BlackElo "2055"]
[EventDate "2002.03.17"]

1. e4 c5 2. Nf3 d6 3. d4 cxd4 4. Nxd4 Nf6 5. Nc3 a6 6. f4 e5 7. Nf3 Nbd7 8.
a4 Be7 9. Bd3 O-O 10. O-O b6 11. Nh4 Nc5 12. Nf5 Bxf5 13. exf5 Qd7 14. g4
Nxd3 15. cxd3 Qb7 16. g5 Nd7 17. Rf3 b5 18. Rh3 Rfe8 19. fxe5 dxe5 20. Ne4
g6 21. Be3 Qd5 22. Qg4 Bc5 23. Bxc5 Nxc5 24. Nf6+ 1-0

[Event "13th Goodricke"]
[Site "Calcutta IND"]
[Date "2002.03.18"]
[Round "2"]
[White "Ramaswamy,A"]
[Black "Konguvel,P"]
[Result "1/2-1/2"]
[WhiteElo "2320"]
[BlackElo "2404"]
[EventDate "2002.03.17"]

1. e4 c5 2. Nf3 Nc6 3. d4 cxd4 4. Nxd4 g6 5. Nc3 Bg7 6. Be3 Nf6 7. Bc4 O-O
8. Bb3 d6 9. h3 Na5 10. O-O b6 11. Re1 Bb7 12. Qd3 a6 13. Bg5 Nxb3 14. axb3
h6 15. Bh4 b5 16. Nd5 e6 17. Nxf6+ Bxf6 18. Bxf6 Qxf6 19. c4 bxc4 20. bxc4
Rfc8 21. Rac1 Rab8 22. b3 Ba8 23. Ra1 Rb6 24. Ra3 Qe5 25. Nf3 Qc5 26. Rea1
Bb7 27. Ra5 Qb4 28. Nd2 Rbc6 29. Qe3 Kg7 30. Nf3 Qb6 31. Nd4 Rc5 32. R5a4
Qc7 33. R4a2 Qe7 34. Rd1 Re5 35. f3 Qf6 36. Qc3 Rec5 37. Ne2 Qxc3 38. Nxc3
R5c6 39. Na4 1/2-1/2

[Event "13th Goodricke"]
[Site "Calcutta IND"]
[Date "2002.03.18"]
[Round "2"]
[White "Mohota,N"]
[Black "Satyapragyan,S"]
[Result "1/2-1/2"]
[WhiteElo "2257"]
[BlackElo "2354"]
[EventDate "2002.03.17"]

1. d4 Nf6 2. c4 e6 3. Nc3 c5 4. d5 exd5 5. cxd5 d6 6. e4 g6 7. h3 Bg7 8.
Nf3 O-O 9. Bd3 a6 10. a4 Nbd7 11. O-O h6 12. Bf4 Qe7 13. Re1 Nh7 14. Qd2 g5
15. Bg3 Ne5 16. Nxe5 Bxe5 17. Bxe5 Qxe5 18. Nd1 Bd7 19. a5 Nf6 20. Qc3 Rfe8
21. Qxe5 Rxe5 22. Ne3 Ree8 23. f3 Rad8 24. Rab1 Bc8 25. Bf1 Nd7 26. Nf5 Ne5
27. Nxh6+ Kg7 28. Ng4 Bxg4 29. hxg4 Rc8 30. b3 Kf6 31. Rec1 Nd7 32. Kf2 Rb8
33. b4 cxb4 34. Rxb4 Nc5 35. Rb6 Ke7 36. e5 Rbc8 37. Re1 Rcd8 38. exd6+ Kd7
39. Rd1 Rc8 40. g3 Rh8 41. Re1 Rhe8 42. Rd1 Re5 43. f4 Re4 44. Bd3 Nxd3+
45. Rxd3 gxf4 46. Rxb7+ Kxd6 47. Kf3 Rcc4 48. Rxf7 fxg3 49. Kxg3 Rxg4+ 50.
Kf3 Rgd4 51. Rxd4 Rxd4 52. Rf6+ Kxd5 53. Rxa6 Ra4 54. Ra8 1/2-1/2

[Event "13th Goodricke"]
[Site "Calcutta IND"]
[Date "2002.03.18"]
[Round "2"]
[White "Swathi,G"]
[Black "Sengupta,D"]
[Result "1-0"]
[WhiteElo "2362"]
[BlackElo "2292"]
[EventDate "2002.03.17"]

1. e4 e6 2. d4 d5 3. e5 c5 4. c3 Qb6 5. Nf3 Nc6 6. a3 Nh6 7. b4 cxd4 8.
cxd4 Nf5 9. Be3 Bd7 10. Bd3 Nxe3 11. fxe3 Be7 12. O-O O-O 13. Nc3 f6 14.
exf6 Rxf6 15. b5 Na5 16. Ne5 Be8 17. Qg4 Rh6 18. Rf2 Nc4 19. Bxc4 dxc4 20.
Raf1 Bg6 21. Nxc4 Qc7 22. Qxe6+ Kh8 23. Ne5 Bxa3 24. Nd5 Qd8 25. Nf4 Be8
26. Qb3 Be7 27. Ne6 Qd6 28. Ng5 Rf6 29. Rxf6 Qxf6 30. Ngf7+ Bxf7 31. Nxf7+
1-0

[Event "13th Goodricke"]
[Site "Calcutta IND"]
[Date "2002.03.18"]
[Round "2"]
[White "Singh,SV"]
[Black "Roy Chowdhury,S"]
[Result "1-0"]
[WhiteElo "2299"]
[BlackElo "2358"]
[EventDate "2002.03.17"]

1. d4 d5 2. c4 e6 3. Nc3 Nf6 4. Bg5 Be7 5. Nf3 O-O 6. e3 h6 7. Bh4 Ne4 8.
Bxe7 Qxe7 9. Rc1 c6 10. Bd3 Nxc3 11. Rxc3 Nd7 12. O-O dxc4 13. Bxc4 e5 14.
Bb3 exd4 15. exd4 Nb6 16. Re1 Qd6 17. Ne5 Be6 18. Bxe6 fxe6 19. Rg3 Rf5 20.
Rg6 Raf8 21. Qg4 Qe7 22. Rxh6 Qb4 23. Nd3 Qd2 24. Rg6 R5f7 25. Qe2 Qxe2 26.
Rxe2 Rd7 27. Rg4 Rfd8 28. Ree4 Rd5 29. g3 Na4 30. Nf4 Rxd4 31. Rxd4 Rxd4
32. Rxg7+ Kxg7 33. Nxe6+ Kf6 34. Nxd4 Nxb2 35. f4 c5 36. Nb5 a6 37. Nc3 Kf5
38. a4 Nc4 39. Kf2 Kg4 40. Ke2 Nd6 41. Kd3 Kf3 42. a5 Kg2 43. Ne4 c4+ 44.
Kd4 Nf5+ 45. Kxc4 Kxh2 46. Kd5 Kh3 47. Ke5 Ne3 48. f5 Nc4+ 49. Kd5 Nxa5 50.
f6 Nc6 51. f7 Ne7+ 52. Ke6 Ng6 53. Kf5 Nf8 54. g4 Kh4 55. g5 1-0

[Event "13th Goodricke"]
[Site "Calcutta IND"]
[Date "2002.03.19"]
[Round "3"]
[White "Kotsur,P"]
[Black "Goloshchapov,A"]
[Result "1/2-1/2"]
[WhiteElo "2578"]
[BlackElo "2545"]
[EventDate "2002.03.17"]

1. Nf3 Nf6 2. g3 g6 3. Bg2 Bg7 4. O-O O-O 5. c4 d5 6. cxd5 Nxd5 7. Nc3 c5
8. Qb3 e6 9. d3 b6 10. Bd2 Bb7 11. Rfc1 Nc6 12. a3 Qd7 13. Rab1 Rac8 14.
Qa4 Rfd8 15. Nxd5 Qxd5 16. Be3 Qd7 17. b4 cxb4 18. axb4 Ne7 19. Qxd7 Rxd7
20. Rxc8+ Nxc8 21. Bf4 f6 22. Rc1 Ne7 23. Bd2 Kf7 24. b5 Bf8 25. g4 g5 26.
h4 h6 27. hxg5 hxg5 28. Ra1 Nc8 29. Be3 Bb4 30. Ra4 Be7 31. Ra1 Bb4 32. Rc1
Nd6 33. Rb1 Bc3 34. Rb3 Rc7 35. Kf1 Bd5 36. Rb1 Ba2 37. Rc1 Nxb5 38. Nd2
Bb2 39. Rxc7+ Nxc7 40. Nc4 Bxc4 41. dxc4 Be5 42. Ke1 Ke7 43. Kd1 Kd6 44.
Kc2 Bf4 45. Bd4 Be5 46. Be3 Na6 47. Bd2 Nb8 48. Bb4+ Kd7 49. e3 Nc6 50. Bd2
Bd6 51. f4 Ne7 52. fxg5 fxg5 53. Bc3 e5 54. Be4 Ng8 55. Bf5+ Kc6 56. Bd2
Nh6 57. Be6 Be7 58. Kd3 Kd6 59. Bc8 Kc7 60. Be6 Kd6 1/2-1/2

[Event "13th Goodricke"]
[Site "Calcutta IND"]
[Date "2002.03.19"]
[Round "3"]
[White "Ovsejevitsch,S"]
[Black "Aleksandrov,A"]
[Result "1/2-1/2"]
[WhiteElo "2529"]
[BlackElo "2645"]
[EventDate "2002.03.17"]

1. d4 Nf6 2. c4 e6 3. Nf3 d5 4. Nc3 Bb4 5. cxd5 exd5 6. Bg5 h6 7. Bh4 g5 8.
Bg3 Ne4 9. Nd2 Nxg3 10. hxg3 c6 11. e3 Bf5 12. a3 Bf8 13. b4 Nd7 14. Nb3 a6
15. Bd3 Be6 16. Qc2 Bg7 17. Na4 Nf6 18. Nac5 Bc8 19. Bf5 O-O 20. Bxc8 Qxc8
21. Rc1 Ne8 22. e4 dxe4 23. Nxe4 Nc7 24. O-O Nb5 25. a4 Nxd4 26. Nxd4 Bxd4
27. Nd6 Qc7 28. Nf5 Bg7 29. b5 axb5 1/2-1/2

[Event "13th Goodricke"]
[Site "Calcutta IND"]
[Date "2002.03.19"]
[Round "3"]
[White "Kuzmin,A"]
[Black "Al Sayed,Mohamad"]
[Result "1/2-1/2"]
[WhiteElo "2568"]
[BlackElo "2413"]
[EventDate "2002.03.17"]

1. e4 c5 2. Nf3 Nc6 3. d4 cxd4 4. Nxd4 Nf6 5. Nc3 e5 6. Ndb5 d6 7. Bg5 a6
8. Na3 b5 9. Nd5 Be7 10. Bxf6 Bxf6 11. c3 Ne7 12. Nc2 Nxd5 13. Qxd5 Rb8 14.
Nb4 Bb7 15. Qd3 O-O 16. Be2 a5 17. Nd5 Bxd5 1/2-1/2

[Event "13th Goodricke"]
[Site "Calcutta IND"]
[Date "2002.03.19"]
[Round "3"]
[White "Shariyazdanov,A"]
[Black "Blauert,J"]
[Result "1/2-1/2"]
[WhiteElo "2532"]
[BlackElo "2390"]
[EventDate "2002.03.17"]

1. e4 e5 2. Nf3 Nf6 3. Nc3 Nc6 4. g3 d5 5. exd5 Nxd5 6. Bg2 Nde7 7. O-O g6
8. d4 exd4 9. Nb5 Bg7 10. Bf4 O-O 11. Nxc7 Rb8 12. Nb5 Ra8 13. c3 dxc3 14.
bxc3 a6 15. Nd6 Bxc3 16. Rc1 Bg7 17. Ng5 Nd4 18. Re1 h6 19. Nge4 Nec6 20.
Nc5 Ne6 21. Nxe6 Bxe6 22. Nxb7 Qxd1 23. Rcxd1 Nd4 24. Be5 Nc2 25. Bxg7 Kxg7
26. Re2 1/2-1/2

[Event "13th Goodricke"]
[Site "Calcutta IND"]
[Date "2002.03.19"]
[Round "3"]
[White "Prakash,G"]
[Black "Sermek,D"]
[Result "1-0"]
[WhiteElo "2451"]
[BlackElo "2595"]
[EventDate "2002.03.17"]

1. d4 Nf6 2. c4 c5 3. d5 b5 4. Nd2 bxc4 5. e4 e6 6. dxe6 dxe6 7. Bxc4 Bb7
8. Qe2 Nbd7 9. Ngf3 Qc7 10. O-O Bd6 11. Re1 Bf4 12. e5 Nd5 13. Ne4 O-O 14.
Bxd5 exd5 15. Nxc5 Bxh2+ 16. Kxh2 Nxc5 17. Be3 Ne6 18. Bd4 Qe7 19. Qd2 a5
20. Kg1 a4 21. Rac1 Rfc8 22. Rxc8+ Rxc8 23. Bc3 d4 24. Nxd4 Nxd4 25. Bxd4
Qe6 26. f3 h5 27. Rc1 Rd8 28. Qf4 Bd5 29. Qg5 Re8 30. Qxh5 Bxa2 31. Qh4 Bb3
32. Kf2 Qh6 33. Qxh6 gxh6 34. g4 Be6 35. Rh1 Kg7 36. Be3 Rh8 37. Kg3 Bd5
38. Rh2 Bc4 39. f4 Rb8 40. f5 Rb3 41. Kf4 Bd5 42. Rd2 Rb5 43. Bd4 Kh7 44.
g5 hxg5+ 45. Kxg5 Ra5 46. Bc3 Rb5 47. Rd4 Bb3 48. Rd8 Rd5 49. Rf8 Rd1 50.
e6 Rg1+ 51. Kf4 Rf1+ 52. Kg5 Rg1+ 53. Kh4 1-0

[Event "13th Goodricke"]
[Site "Calcutta IND"]
[Date "2002.03.19"]
[Round "3"]
[White "Ghaem Maghami,E"]
[Black "Swathi,G"]
[Result "1/2-1/2"]
[WhiteElo "2513"]
[BlackElo "2362"]
[EventDate "2002.03.17"]

1. c4 e5 2. e3 Nf6 3. Nc3 Nc6 4. a3 g6 5. b4 Bg7 6. Bb2 O-O 7. d3 d5 8.
cxd5 Nxd5 9. Nxd5 Qxd5 10. Ne2 Bg4 11. Nc3 Qd7 12. Be2 Bxe2 13. Qxe2 Rfd8
14. Rd1 a5 15. b5 Na7 16. a4 c6 17. bxc6 Nxc6 18. O-O Nb4 19. Rd2 Rac8 20.
Rfd1 Qe6 21. Ba1 Rd7 22. h4 Qb3 23. Rb1 Qe6 24. Rbd1 Rcd8 25. Ne4 b6 26.
Bc3 Nd5 27. Ba1 Qc6 28. d4 Qxa4 29. h5 Nc7 30. h6 Bh8 31. Rc1 Ne8 32. Ra2
Qb3 33. Rb2 Qe6 34. Ng5 Qe7 35. Nf3 exd4 36. Rxb6 dxe3 37. Bxh8 exf2+ 38.
Kxf2 1/2-1/2

[Event "13th Goodricke"]
[Site "Calcutta IND"]
[Date "2002.03.19"]
[Round "3"]
[White "Bakre,T"]
[Black "Singh,SV"]
[Result "1-0"]
[WhiteElo "2477"]
[BlackElo "2299"]
[EventDate "2002.03.17"]

1. e4 c5 2. Nf3 d6 3. d4 cxd4 4. Nxd4 Nf6 5. Nc3 g6 6. Be3 Bg7 7. f3 O-O 8.
Qd2 Nc6 9. Bc4 Bd7 10. O-O-O Rc8 11. Bb3 Ne5 12. Kb1 Nc4 13. Bxc4 Rxc4 14.
g4 b5 15. b3 Rc8 16. Ndxb5 Qa5 17. a4 a6 18. Nd5 Qxd2 19. Nxe7+ Kh8 20.
Rxd2 Rce8 21. Nxd6 Rxe7 22. Bc5 Re5 23. Ba3 Bc6 24. Nc4 Re6 25. Bxf8 Bxf8
26. Rd8 Kg7 27. Na5 Be8 28. Rhd1 Bb4 29. Nc4 Bc6 30. Kb2 g5 31. h3 Be7 32.
R8d3 Ng8 33. c3 h5 34. Ne3 hxg4 35. Nf5+ Kf6 36. hxg4 Ke5 37. Nd4 Rh6 38.
Nxc6+ Rxc6 39. b4 Nf6 40. Kb3 Kf4 41. a5 Ne8 42. Rd7 Re6 43. R1d3 Nd6 44.
Rxe7 Rxe7 45. Rxd6 Kxf3 46. Rxa6 Kxg4 47. b5 Kf3 48. b6 Kxe4 49. Ra7 Re8
50. Rxf7 1-0

[Event "13th Goodricke"]
[Site "Calcutta IND"]
[Date "2002.03.19"]
[Round "3"]
[White "Hossain,Enam"]
[Black "Wong Zi Jing"]
[Result "0-1"]
[WhiteElo "2426"]
[BlackElo "2256"]
[EventDate "2002.03.17"]

1. e4 c5 2. Nf3 d6 3. c3 Nf6 4. Be2 Bg4 5. O-O e6 6. h3 Bh5 7. e5 dxe5 8.
Nxe5 Bxe2 9. Qxe2 Nbd7 10. Nc4 Be7 11. a4 O-O 12. d3 Nd5 13. Nbd2 Qc7 14.
Ne4 N7f6 15. Bd2 Rad8 16. f4 b6 17. Ng5 h6 18. Ne4 a6 19. f5 e5 20. Nxf6+
Bxf6 21. Qe4 Rfe8 22. g3 Bg5 23. Bxg5 hxg5 24. Qf3 Nf6 25. Rfe1 b5 26. axb5
axb5 27. Na3 c4 28. d4 b4 29. Nc2 b3 30. Na3 exd4 31. Nb5 Rxe1+ 32. Rxe1
Qa5 33. Qc6 dxc3 34. Nxc3 Qa7+ 35. Kg2 Rd2+ 36. Re2 Qd4 37. Qf3 Nd5 38. Kf1
Rxe2 39. Nxe2 Qe5 40. g4 c3 41. Qd3 cxb2 42. Qxb3 b1=Q+ 43. Qxb1 Qxe2+ 44.
Kxe2 Nc3+ 45. Kf3 Nxb1 0-1

[Event "13th Goodricke"]
[Site "Calcutta IND"]
[Date "2002.03.19"]
[Round "3"]
[White "Visweswaran,K"]
[Black "Koneru,H"]
[Result "1/2-1/2"]
[WhiteElo "2310"]
[BlackElo "2539"]
[EventDate "2002.03.17"]

1. e4 c6 2. d4 d5 3. Nc3 dxe4 4. Nxe4 Nd7 5. Ng5 Ngf6 6. Bd3 e6 7. Qe2 Bd6
8. N1f3 h6 9. Ne4 Nxe4 10. Qxe4 Nf6 11. Qh4 Ke7 12. Ne5 Bxe5 13. dxe5 Qa5+
14. c3 Qxe5+ 15. Be3 Rd8 16. O-O-O b6 17. h3 Qa5 18. Bb1 Ba6 19. Qg3 Ne8
20. Qh4+ Nf6 21. Qg3 Kf8 22. Qh4 Qh5 23. Qa4 Qb5 24. Qh4 Qh5 25. Qa4 Qb5
26. Qh4 Qh5 27. Qa4 1/2-1/2

[Event "13th Goodricke"]
[Site "Calcutta IND"]
[Date "2002.03.19"]
[Round "3"]
[White "Konguvel,P"]
[Black "Suvrajit,S"]
[Result "1-0"]
[WhiteElo "2404"]
[BlackElo "2346"]
[EventDate "2002.03.17"]

1. e4 e5 2. Nf3 Nf6 3. Nxe5 d6 4. Nf3 Nxe4 5. d4 d5 6. Bd3 Be7 7. O-O Nc6
8. c4 Nb4 9. Be2 O-O 10. a3 Nc6 11. cxd5 Qxd5 12. Nc3 Nxc3 13. bxc3 Bf5 14.
Re1 Bf6 15. Bf4 Rac8 16. Nd2 Na5 17. Bf3 Qd7 18. Ne4 Be7 19. Ng3 Bg6 20.
Bg4 f5 21. Bf3 Bd6 22. Be5 Rfe8 23. Bxb7 Nxb7 24. Qb3+ Qf7 25. Qxb7 f4 26.
Ne4 Rb8 27. Nxd6 Rxb7 28. Nxf7 Kxf7 29. Bxf4 Rxe1+ 30. Rxe1 c6 31. f3 Rb3
32. c4 Rxa3 33. d5 cxd5 34. cxd5 Rb3 35. Kf2 Rb2+ 36. Ke3 Rxg2 37. Ra1 Rb2
38. Rxa7+ Ke8 39. Rxg7 Rb3+ 40. Kd4 Rxf3 41. Ke5 Rf1 42. d6 Re1+ 43. Kf6
Rf1 44. d7+ Kd8 45. Ke6 Re1+ 46. Be5 Bf5+ 47. Kxf5 Rf1+ 48. Ke6 1-0

[Event "13th Goodricke"]
[Site "Calcutta IND"]
[Date "2002.03.19"]
[Round "3"]
[White "Palit,S"]
[Black "Ravi,T"]
[Result "1/2-1/2"]
[WhiteElo "2257"]
[BlackElo "2357"]
[EventDate "2002.03.17"]

1. e4 e5 2. Nf3 Nc6 3. Bb5 a6 4. Ba4 Nf6 5. d3 d6 6. c3 b5 7. Bc2 Be7 8.
O-O O-O 9. Qe2 h6 10. Rd1 Re8 11. d4 Bd7 12. d5 Na5 13. Nbd2 Bf8 14. Nf1 c6
15. dxc6 Bxc6 16. Ng3 Qc7 17. a4 d5 18. exd5 Bxd5 19. Nh5 Nxh5 20. Rxd5 b4
21. Rxe5 Rxe5 22. Nxe5 Re8 23. Qxh5 Rxe5 24. Bf4 Rxh5 25. Bxc7 bxc3 26.
bxc3 Rc5 27. Bxa5 Rxa5 28. Bd3 Bd6 29. Kf1 Be5 30. Ra3 Bd6 31. Ra2 Be5 32.
c4 Kf8 33. Ke2 Ke7 34. Kd2 Bd4 35. f3 Rg5 36. g4 h5 37. Bf5 hxg4 38. fxg4
Bf2 39. Kd3 Bh4 40. a5 Kd8 41. h3 g6 42. Be4 Be1 43. Bd5 f5 44. Rg2 fxg4
45. hxg4 Bxa5 46. Bb7 Bb6 47. Bxa6 Re5 48. Kc3 Bc5 49. Rd2+ Kc7 50. Bb5
Re3+ 51. Kc2 Bd6 52. Rd5 Re5 53. Rd2 Re4 54. Rg2 Re3 55. Rf2 g5 56. Rf7+
Re7 57. Rxe7+ 1/2-1/2

[Event "13th Goodricke"]
[Site "Calcutta IND"]
[Date "2002.03.19"]
[Round "3"]
[White "Satyapragyan,S"]
[Black "Sangma,R"]
[Result "1-0"]
[WhiteElo "2354"]
[BlackElo "2180"]
[EventDate "2002.03.17"]

1. e4 d6 2. d4 Nf6 3. Nc3 g6 4. Nf3 Bg7 5. h3 O-O 6. Be2 Nc6 7. Be3 e5 8.
d5 Ne7 9. g4 Ne8 10. Qd2 f5 11. gxf5 gxf5 12. Bh6 Ng6 13. Bg5 Bf6 14. O-O-O
Bxg5 15. Nxg5 Nf4 16. Rhg1 Kh8 17. Kb1 Ng7 18. Bc4 Qe7 19. exf5 Bxf5 20.
Rde1 a6 21. Ne2 Nxe2 22. Rxe2 Qf6 23. Bd3 Nh5 24. Bxf5 Qxf5 25. Ne6 Nf4 26.
Nxf8 Rxf8 27. Re3 Nxh3 28. Rf1 Qg4 29. Rb3 Qg2 30. Rc1 b6 31. Rg3 Qxf2 32.
Qh6 Qxg3 33. Qxf8+ Qg8 34. Qf6+ Qg7 35. Qd8+ Qg8 36. Qxc7 Qf8 37. Rh1 Ng5
38. Qxb6 1-0

[Event "13th Goodricke"]
[Site "Calcutta IND"]
[Date "2002.03.19"]
[Round "3"]
[White "Dhar,S"]
[Black "Sengupta,D"]
[Result "1-0"]
[WhiteElo "2193"]
[BlackElo "2292"]
[EventDate "2002.03.17"]

1. e4 c5 2. Nf3 Nc6 3. d4 cxd4 4. Nxd4 Nf6 5. Nc3 e5 6. Ndb5 d6 7. Bg5 a6
8. Na3 b5 9. Nd5 Be7 10. Bxf6 Bxf6 11. c3 Bg5 12. Nc2 O-O 13. a4 bxa4 14.
Rxa4 a5 15. Bc4 Rb8 16. b3 Kh8 17. Nce3 Be6 18. O-O g6 19. Qd3 f5 20. f3
Bxe3+ 21. Qxe3 f4 22. Qf2 g5 23. Rd1 g4 24. fxg4 Bxg4 25. Rd2 Be6 26. Ra1
Rg8 27. Nb6 Rg6 28. Bxe6 Rxe6 29. Nc4 Rxb3 30. Rad1 Rxc3 31. Nxd6 Qf8 32.
Nf5 Re8 33. Rd5 a4 34. Qh4 Nb8 35. Rxe5 Rcc8 36. Re7 Rxe7 37. Nxe7 Rc6 38.
Rd8 Qxd8 39. Ng6+ Rxg6 40. Qxd8+ Rg8 41. Qf6+ Rg7 42. e5 a3 43. e6 Nc6 44.
Qf8+ Rg8 45. e7 Nxe7 46. Qxe7 a2 47. Qe5+ Rg7 48. Qb8+ Rg8 49. Qb2+ Rg7 50.
Qxa2 Re7 51. Qb2+ Kg8 52. Qb8+ Kg7 53. Qxf4 Re1+ 54. Kf2 Re6 55. Qd4+ Rf6+
56. Kg3 Kf7 57. Kg4 Kg6 58. Qe4+ Kg7 59. h4 Rg6+ 60. Kf5 Rf6+ 61. Ke5 Rh6
62. Qg4+ Rg6 63. Qd7+ Kh6 64. Qf7 Rg4 65. g3 Re4+ 66. Kd5 Rd4+ 67. Kc5 Rg4
68. Qf5 Rg6 69. g4 Rxg4 70. Kd5 Rxh4 71. Ke6 Rg4 72. Qf8+ Kh5 73. Qf5+ Kh6
74. Qf8+ Kh5 75. Qe8+ Kh6 76. Kf5 Rg5+ 77. Kf4 Rg6 78. Qe7 Rg8 79. Kf5 Rg6
80. Qd8 Kg7 81. Qd7+ Kh6 82. Qe7 Rg8 83. Qh4+ Kg7 84. Qf6+ 1-0

[Event "13th Goodricke"]
[Site "Calcutta IND"]
[Date "2002.03.19"]
[Round "3"]
[White "Girinath,P"]
[Black "Roy Chowdhury,S"]
[Result "0-1"]
[WhiteElo "2336"]
[BlackElo "2358"]
[EventDate "2002.03.17"]

1. e4 c5 2. Nf3 d6 3. c3 Nf6 4. Bd3 g6 5. Bc2 Bg7 6. h3 O-O 7. O-O e5 8. d3
Nc6 9. a3 h6 10. b4 b6 11. Nbd2 Be6 12. Rb1 Qc7 13. Bb2 Nh5 14. d4 Ne7 15.
bxc5 bxc5 16. d5 Bd7 17. Ba4 Bc8 18. c4 Nf4 19. Bc3 Ba6 20. Bb5 Bxb5 21.
Rxb5 Rfb8 22. Ba5 Qc8 23. Qb3 g5 24. Rb1 Rxb5 25. cxb5 Neg6 26. Nc4 g4 27.
hxg4 Qxg4 28. Ne3 Qh5 29. Nh2 Ne2+ 30. Kh1 Nd4 31. Qc4 Qh4 32. f3 Nf4 33.
Be1 Qg5 34. Rb2 Nh5 35. Nhg4 Rf8 36. a4 f5 37. Nxf5 Nxf5 38. exf5 e4 39.
Re2 exf3 40. gxf3 Qxf5 41. Qe4 Qxf3+ 42. Qxf3 Rxf3 43. Re6 Nf4 44. Re3 Rf1+
45. Kh2 Nxd5 46. Re8+ Kf7 47. Re2 Rf4 48. Rf2 Rxf2+ 49. Bxf2 Nc3 50. Bg3
Ke6 0-1

[Event "13th Goodricke"]
[Site "Calcutta IND"]
[Date "2002.03.20"]
[Round "4"]
[White "Sengupta,D"]
[Black "Ghader Pour,S"]
[Result "1-0"]
[WhiteElo "2292"]
[BlackElo "2055"]
[EventDate "2002.03.17"]

1. e4 c5 2. Nf3 d6 3. c3 Nf6 4. Be2 g6 5. O-O Bg7 6. Re1 Nc6 7. d4 cxd4 8.
cxd4 d5 9. e5 Ne4 10. Bd3 Bf5 11. Qb3 Qd7 12. Be3 h6 13. Nh4 Be6 14. f3 g5
15. fxe4 dxe4 16. Bc4 Bxc4 17. Qxc4 gxh4 18. Nc3 Qg4 19. Rf1 O-O 20. Rf4
Qg6 21. Rxh4 Rac8 22. Qe2 Nb4 23. a3 Nc6 24. Rg4 Qh7 25. Nxe4 Kh8 26. Rf1
Rcd8 27. Ng3 f5 28. Rh4 e6 29. Nh5 Rd7 30. Nxg7 Kxg7 31. Rxh6 Qxh6 32.
Bxh6+ Kxh6 33. Rf4 Kg6 34. Qf2 Rg7 35. g4 Kh7 36. Kh1 Ne7 37. gxf5 exf5 38.
h3 Rg5 39. h4 Rh5 40. Qe2 Kh6 41. Qd2 Kg7 42. d5 Ng6 43. e6 Nxf4 44. Qxf4
Rfh8 45. Kg2 Kf6 46. Qd4+ Kg6 47. Kg3 f4+ 48. Qxf4 Rxd5 49. Qe4+ Rf5 50.
Kg4 1-0

[Event "13th Goodricke"]
[Site "Calcutta IND"]
[Date "2002.03.20"]
[Round "4"]
[White "Singh,SV"]
[Black "Ravi,L"]
[Result "1/2-1/2"]
[WhiteElo "2299"]
[BlackElo "2395"]
[EventDate "2002.03.17"]

1. d4 Nf6 2. c4 e6 3. Nc3 Bb4 4. Qc2 c5 5. dxc5 O-O 6. Nf3 Na6 7. a3 Bxc3+
8. Qxc3 Nxc5 9. Bg5 Nce4 10. Bxf6 Qxf6 11. Qxf6 gxf6 12. e3 Rd8 13. Bd3 Nc5
14. Bc2 a5 15. O-O a4 16. Rfd1 Ra6 17. Nd4 Kf8 18. f3 Ke7 19. g4 h5 20. h3
d6 21. Kf2 Rh8 22. Kg3 e5 23. Nf5+ Bxf5 24. Bxf5 Nb3 25. Rab1 h4+ 26. Kf2
Rc6 27. Rd5 Rxc4 28. Rbd1 Rd8 29. Rb5 Rc7 30. Rb4 Nc5 31. Ke2 d5 32. Rd2
Kd6 33. Bc2 Ra8 34. Be4 Nxe4 35. fxe4 Ra5 36. Rb6+ Rc6 37. Rxb7 Ke6 38. Rb8
Rd6 39. exd5+ Raxd5 40. Rxd5 Rxd5 41. Rb6+ Ke7 42. Rb4 Ra5 43. e4 Kf8 44.
Kd3 Kg7 45. Kc4 Ra8 46. Rb5 Kg6 47. b3 Rc8+ 48. Kb4 axb3 49. Kxb3 Rc1 50.
Ka4 Re1 51. Rb4 Re3 52. Rb3 Rxe4+ 53. Kb5 Re1 54. a4 f5 55. gxf5+ Kxf5 56.
Ra3 Rb1+ 57. Kc4 Kf4 58. a5 Rb7 59. a6 Ra7 60. Kd3 Kf3 61. Kc4+ Ke4 62. Kb5
f5 63. Ra4+ Kf3 64. Rxh4 e4 65. Kb6 Re7 66. a7 Re8 67. Rh5 f4 68. Re5 Rh8
69. Kb7 e3 70. a8=Q Rxa8 71. Kxa8 Kg3 72. Re4 1/2-1/2

[Event "13th Goodricke"]
[Site "Calcutta IND"]
[Date "2002.03.20"]
[Round "4"]
[White "Ramaswamy,A"]
[Black "Girinath,P"]
[Result "0-1"]
[WhiteElo "2320"]
[BlackElo "2336"]
[EventDate "2002.03.17"]

1. e4 e5 2. Nf3 Nc6 3. Bb5 a6 4. Ba4 d6 5. O-O Bd7 6. c3 g6 7. d4 Bg7 8. d5
Nce7 9. Bxd7+ Qxd7 10. c4 h6 11. Nc3 f5 12. Nd2 Nf6 13. b4 O-O 14. f3 c6
15. Ndb1 Kh7 16. a3 cxd5 17. cxd5 f4 18. Bd2 g5 19. Be1 Ng6 20. Bf2 Rf7 21.
Na4 Rg8 22. Nb6 Qe7 23. Nd2 h5 24. Re1 g4 25. Nf1 Bh6 26. Ra2 Rfg7 27. Rc2
g3 28. hxg3 fxg3 29. Be3 Bf4 30. Qc1 Ne8 31. Rc8 h4 32. Qc2 h3 33. gxh3 g2
34. Nh2 Qh4 35. Qd1 Bxh2+ 36. Kxh2 Nf4 37. Bxf4 g1=Q+ 0-1

[Event "13th Goodricke"]
[Site "Calcutta IND"]
[Date "2002.03.20"]
[Round "4"]
[White "Sangma,R"]
[Black "Hossain,Enam"]
[Result "0-1"]
[WhiteElo "2180"]
[BlackElo "2426"]
[EventDate "2002.03.17"]

1. e4 c5 2. Nf3 Nc6 3. d4 cxd4 4. Nxd4 e5 5. Nb5 d6 6. c4 f5 7. N1c3 a6 8.
Na3 Be7 9. Bd3 f4 10. g3 Nf6 11. gxf4 exf4 12. Bxf4 O-O 13. Bg3 Ng4 14. O-O
Bh4 15. Be2 Bxg3 16. hxg3 Nce5 17. Qd2 Rf6 18. Nd5 Rh6 19. f3 Nf6 20. Rad1
Nh5 21. Nf4 Nxg3 22. Ng2 Qb6+ 23. Ne3 Nxf1 24. Rxf1 Rg6+ 25. Kf2 Bh3 26.
Rg1 Rxg1 27. Kxg1 Rf8 28. Kh2 Rxf3 29. Qd5+ Rf7 30. c5 Qxb2 31. Nac2 Bd7
0-1

[Event "13th Goodricke"]
[Site "Calcutta IND"]
[Date "2002.03.20"]
[Round "4"]
[White "Sulskis,S"]
[Black "Sorokin,M"]
[Result "1-0"]
[WhiteElo "2579"]
[BlackElo "2551"]
[EventDate "2002.03.17"]

1. e4 d6 2. d4 Nf6 3. Nc3 g6 4. Be3 c6 5. f3 b5 6. Qd2 Nbd7 7. Nh3 Nb6 8.
Nf2 Qc7 9. a3 Bb7 10. Be2 a5 11. O-O Bg7 12. Bh6 O-O 13. Ng4 Nxg4 14. fxg4
b4 15. Nd1 c5 16. d5 e6 17. axb4 Bxh6 18. Qxh6 cxb4 19. Ne3 exd5 20. Kh1
dxe4 21. g5 Bc8 22. Rf4 d5 23. Raf1 d4 24. Rh4 f5 25. gxf6 dxe3 26. Rxe4
Ra7 27. f7+ Qxf7 28. Rxf7 Raxf7 29. h3 Bf5 30. Re5 Bxc2 31. Qxe3 Rf6 32.
Rxa5 b3 33. Rb5 Nc8 34. Bc4+ Kh8 35. Qe5 Nd6 36. Rb8 1-0

[Event "13th Goodricke"]
[Site "Calcutta IND"]
[Date "2002.03.20"]
[Round "4"]
[White "Bakre,T"]
[Black "Kuzmin,A"]
[Result "1/2-1/2"]
[WhiteElo "2477"]
[BlackElo "2568"]
[EventDate "2002.03.17"]

1. e4 e5 2. Nf3 Nc6 3. Bb5 a6 4. Bxc6 dxc6 5. O-O Qd6 6. Na3 b5 7. c3 c5 8.
Nc2 Ne7 9. a4 Bb7 10. axb5 axb5 11. Rxa8+ Bxa8 12. Re1 Ng6 13. d4 Qd7 14.
Nxe5 Nxe5 15. dxe5 Qxd1 16. Rxd1 Bxe4 17. Ne3 c4 18. Nd5 Bxd5 19. Rxd5 c6
20. Rd1 Bc5 21. Bg5 O-O 22. Kf1 f6 23. exf6 1/2-1/2